00538nam a22001937a 450000500170000001000130001702000220003003500130005203700160006504000120008108200150009310000160010824500690012426000360019327000370022930000240026665000240029065000300031420170124110158.0 aA-585109 c00.00a8185674329 aA-585109 bCen Lib/Ret aDPLbEN a133.5bRAM aRaman, B.V. aAstrology in forecasting weather and earthquakes /cby B.V.Raman aNew DelhibUBS Publishersc1992 a5 Ansari RoadbNew Delhie110002 axii,87p. c18cm(Hb) aWeather forecasting aAstrology and meteorology